Melanie Martinez - Tous ses Singles - Statistiques

Statistiques générales
  • Ce quiz a été pris 9 fois
  • Le résultat moyen est 4 sur 5
Statistiques - réponses
Hint Réponse % Correct
2 COPYCAT
100%
3 Fire Drill
100%
1 Gingerbread Man
78%
5 DISNEY PRINCESS
67%
4 POSSESSION
56%
Aucun quiz correspondant
Distribution des résultats
% des personnes avec chaque résultat
Percentile par nombre de réponses
Votre historique - résultats
Vous n’avez pas pris ce quiz